| 000 | 00501nam a2200181Ia 4500 | ||
|---|---|---|---|
| 008 | 200115s9999 xx 000 0 und d | ||
| 100 | _aWarren, Katrina | ||
| 245 | _aKeep your home free of animal hair/ | ||
| 245 | _cKatrina Warren | ||
| 260 | _bReader's Digest Asia | ||
| 260 | _c2019 | ||
| 300 | _aPages 18-19, August 2019 | ||
| 440 |
_aAsia Reader's Digest: Acts of Kindness Everyone can do _v116:678 |
||
| 650 | _aanimals | ||
| 650 | _agrooming | ||
| 650 | _apets | ||
| 650 | _aveterinary | ||
| 999 |
_c362914 _d362914 |
||